Boletín oficial interno de la Sociedad de San Pablo (Record n. 98313)

Dettagli MARC
000 -LEADER
fixed length control field 01278nam a22001937a 4500
003 - CONTROL NUMBER IDENTIFIER
control field IT-RoPau
005 - DATE AND TIME OF LATEST TRANSACTION
control field 20220918181103.0
008 - FIXED-LENGTH DATA ELEMENTS--GENERAL INFORMATION
fixed length control field 130404b xxu||||| |||| 00| 0 eng d
040 ## - CATALOGING SOURCE
Transcribing agency IT-RoPau
100 ## - MAIN ENTRY--PERSONAL NAME
Personal name Sassi, Silvio
9 (RLIN) 511
245 ## - TITLE STATEMENT
Title Boletín oficial interno de la Sociedad de San Pablo
Remainder of title "Progresad cada vez más" Carta del Superior General
250 ## - EDITION STATEMENT
Edition statement 1° ed
260 ## - PUBLICATION, DISTRIBUTION, ETC. (IMPRINT)
Place of publication, distribution, etc. Roma
Name of publisher, distributor, etc. SSP Casa General
Date of publication, distribution, etc. 2005
300 ## - PHYSICAL DESCRIPTION
Extent 31 pp.
Dimensions 21 cm
490 ## - SERIES STATEMENT
Series statement SSP
500 ## - GENERAL NOTE
General note Ano - n° 417 - Marzo de 2005
520 ## - SUMMARY, ETC.
Summary, etc. ĺndice<br/><br/>Carta del Superior General<br/>"Progresad cada ves más": Presentación general<br/>Primera carta a los Tesalonicenses<br/>I. Introducción<br/>1. La ciudad de Tesalónica<br/>2. Fundación de la comunidad<br/>3. Perfil de los cristianos de Tesalónica<br/>4. La primera carta a los Tesalonicenses<br/>5. Importancia de la carta<br/><br/>II. La carta y sus principales temas<br/>1. "Continuamente damos gracias a Dios..." (1,2 - 3,13)<br/>2. "...os pedimos y os exhortamos en el nombre de Jesús, el Senor ..." (4,1 - 5,27)<br/><br/>III. La carta en el P. Alberione y consecuencias para nosotros hoy<br/><br/>1. ¿Cómo leyó e interpretó el P. Alberione la primera carta a los Tesalonicenses?<br/>2. Consecuencias para nosotros hoy en día<br/><br/>IV. Pasos para una "lectio paulina" de la carta<br/>
942 ## - ADDED ENTRY ELEMENTS (KOHA)
Source of classification or shelving scheme Dewey Decimal Classification
Koha item type LIBRO
Dati di copia
Withdrawn status Lost status Source of classification or shelving scheme Damaged status Not for loan Home library Current library Date acquired Total Checkouts Full call number Date last seen Price effective from Koha item type
    Dewey Decimal Classification Buone Condizioni Not For Loan PAULUS-BIBLIOTECA PAULUS-BIBLIOTECA 04/04/2013   P C5 04/04/2013 04/04/2013 LIBRO
CREDITS: SOCIETA' SAN PAOLO Via A.Severo, 58 - ROMA (RM) & PERIODICI SAN PAOLO SRL Via Giotto, 36 MILANO & CISF Via Giotto, 36 MILANO & EDIZIONI SAN PAOLO SRL,  Piazza Soncino, 5 CINISELLO BALSAMO (MI) -- ITALY